000 00501pam a2200157a 44500
008 230515b2019 xxu||||| |||| 00| 0 eng d
020 _aNULL
041 _aENGLISH
082 _a610.
100 _aMS. LAIRENLAKPAM LEMKRY CHANU
245 _aA STUDY TO ASSESS KNOWLEDGE REGARDING LOW COST COMPLEMENTARY FEEDING FOR INFANTS AMONG MOTHERS IN SELECTED URBAN SLUMS OF PUNE CITY
250 _a1
260 _aPUNE
_bBHARATI VIDYAPEETH DEEMED UNIVERSITY, PUNE,
_c2019
300 _a102
650 _aNULL
999 _c532104
_d532104